000 00433nam a2200181Ia 4500
001 16187
005 20260306170251.0
008 260306t2005||||xx |||||||||||||| ||und||
041 _aESP
082 _a347.3
_bF23 T. 1 2005
100 _aFarina, Juan M.
_eAUT
245 0 _aContratos comerciales modernos
260 _c2005
300 _a592 páginas :
_c23 cm.
650 _aGEN
654 _aCDE
942 _cLIB
_dJUS
_fJUS
_2ddc
_n
999 _c16187
_d16187